000 00885nam a2200241 i 4500
001 134903
003 ES-MaACL
005 20250419130416.0
007 t|
008 070703s1949 sp ||||1| spa d
080 _a94(460)"1843/73"
100 1 _aTierno Galván, Enrique,
_d1918-1986
_9110235
245 1 0 _aFormas y modos de vida en torno a la revolución de 1848 /
_cEnrique Tierno Galván.
260 _aMadrid :
_bInstituto de Estudios Políticos,
_c1949.
300 _aP. 15-64 ;
_c24 cm.
530 _aDisponible en formato digital.
651 4 _aEspaña-
_xHistoria-
_y1843-1873.
_98258
710 2 _aInstituto de Estudios Políticos (Madrid)
_94924
852 4 _aES-MaACL
_j1900-F-6
_cDEPOF
_zRevisado enlace: 19 de Abril de 2025
856 4 _uhttps://dialnet.unirioja.es/servlet/articulo?codigo=2127630
_yDialnet
942 _2udc
999 _c134903
_d134903